Catalog

Record Details

Catalog Search



Bibliografie dějin Českých zemí za rok 1995 = <<The >>bibliography of the history of the Czech lands for the year 1995 / sestavili Václava Horčáková ... [et al.]

Record details

  • ISBN: 80-7286-017-8
  • Physical Description: 418 s.
  • Publisher: Praha : Historický ústav, 2000

Content descriptions

General Note:
Obsahuje rejstříky

Available copies

  • 1 of 1 copy available at Common Catalog SPOK.

Holds

  • 0 current holds with 1 total copy.
Show Only Available Copies
Location Call Number / Copy Notes Barcode Shelving Location Status Due Date
Terezin Initiative Institute S 3141 4594303141 Knihovna ITI Available -

LDR 01115nam a2200277 4500
00127969
003CZ-PrJAB
00520221013113612.0
008010607s2000 xr ||||gr|||||001|0|cze d
020 . ‡a80-7286-017-8
035 . ‡a(CONS)2798
035 . ‡a(CZ PrSKC)KN3148000000018800
040 . ‡aULG001 ‡bcze
080 . ‡a016 ‡2MRF-sel
080 . ‡a94(437.3) ‡2MRF-sel
24500. ‡aBibliografie dějin Českých zemí za rok 1995 = ‡b<<The >>bibliography of the history of the Czech lands for the year 1995 / ‡csestavili Václava Horčáková ... [et al.]
24631. ‡a<<The >>bibliography of the history of the Czech lands for the year 1995
260 . ‡aPraha : ‡bHistorický ústav, ‡c2000
300 . ‡a418 s.
4901 . ‡aPráce Historického ústavu AV ČR. Řada D, Bibliographia ; ‡vsv. 9
500 . ‡aObsahuje rejstříky
7001 . ‡aHorčáková, Václava, ‡d1961- ‡7mzk2004221678 ‡4com
830 0. ‡aPráce Historického ústavu AV ČR. ‡pBibliographia
8524 . ‡bJACH-ITI ‡bJACH-ITI ‡cKnihovna ITI ‡jS 3141 ‡pS3141 ‡y$0.00
910 . ‡aABE340 ‡b3141
995 . ‡a\ ‡askok
901 . ‡a27969 ‡bISxN ‡c27969 ‡tbiblio

Additional Resources